000 00382nam a2200145Ia 4500
008 230917s9999||||xx |||||||||||||| ||und||
040 _e133060
_aMAIN
041 _aEnglish
082 _a157.9 H349H
100 _aOjha,sandhya
245 0 _aHalth and well -being emerging trends
260 _aNew Delhi
_bGlobal vision publishing house
_c2010
300 _a487p. p.
942 _cBK
999 _c149512
_d149512